000
00238nam a22000857a 4500
008
170112b xxu||||| |||| 00| 0 eng d
100
_9
2347
_a
Biswas. A
245
_a
Environmental Education For all-8
260
_a
New Delhi
_b
Arya Publication
_c
2006
999
_c
5292
_d
5292